| 000 | 00473nam a2200193Ia 4500 | ||
|---|---|---|---|
| 005 | 20240823020415.0 | ||
| 008 | 240823s9999||||xx |||||||||||||| ||und|| | ||
| 020 | _a0-07-060172-0 | ||
| 041 | _aENGLISH | ||
| 082 | _A620.00151535 P6 | ||
| 100 | _a"Buchanan,George R" | ||
| 245 | 0 | _aFinite Element Analysis | |
| 250 | _a1st | ||
| 260 |
_c2006 _b"TMH,New " _aNew Delhi |
||
| 500 | _aYES | ||
| 650 |
_aFinite _bAeronautical Engineering |
||
| 942 | _cBK | ||
| 999 |
_c174680 _d174680 |
||